000 02125nam a2200433 c 4500
003 BLK
005 20210911131339.0
008 180409b bul|||||r ||||||| ||bul||
010 _aKNG00136243000
020 _a978-954-516-718-8
_bиздат.: Летера - на том(кн. 6)
040 _aBLK
041 _aBUL
_cBUL
072 7 _2bullib
_aН372
_xУчебни предмети. Учебници Н
080 _aОснови на четенето. Методи на обучение в четенето
_b372.41
_x(076)
_z372.41(076)
080 _aИздания за деца и юноши. Книжки-картинки. Читанки. Вж и 372.4
_b087.5
_x
_z087.5
100 1 _aВласева, Теодора Ангелова
_eпърви автор
_9368871
700 1 _aАлексов, Александър Георгиев
_eил.
_9378024
139 _aВласева, Теодора Ангелова
_bВ 72
245 1 0 _aМоята библиотека
_bУч. помагало : С кн. за азбукарчета
_cТеодора Ангелова Власева; ил. Александър Георгиев Алексов.
_nКн. 6
_pЛитературна галерия
257 _aBGR
260 Пловдив
_c2007 -
300 _c28 см
380 _aDN
490 1 _aЗаедно в четенето
500 _aКор. опис. - Серията е означена на папката. - Изд. е спечелило конкурс на М-во на културата. - Офс. изд.
650 4 _aЧетене
_9177539
650 4 _aКниги-игри
_9158798
653 _aчетене
653 _aкниги-игри
653 _aІ кл.
653 _aучебни помагала
659 _aН
760 1 _3- на том(кн. 6)
_aВласева, Теодора Ангелова
_dЛетера, 2007
_h15 с. : с цв. ил.
_nКор. загл.
_tКн. 6 Литературна галерия
852 _aЦб ІІ 17486
856 4 _qpdf
_u
856 4 _qpdf
_u
942 _cKNG
_n0
_01
944 _aCR
_c15.11.2012
_lф /
_kЛюдмила_Стоянова
944 _aED
_c19.07.2013
_lф /
_k
999 _c130478
_d130478